| 000 | 00672nam a2200217Ia 4500 | ||
|---|---|---|---|
| 003 | OSt | ||
| 005 | 20230923110606.0 | ||
| 008 | 210716s2000 xx 000 0 und d | ||
| 020 | _a0074637975 | ||
| 040 | _cAIMIT LIBRARY | ||
| 041 | _aeng | ||
| 082 |
_a005.44 _22 _bPETR |
||
| 100 |
_aPetersen, Richard _948409 |
||
| 245 |
_aLinux : _bthe complete reference / _cBy Richard Petersen. |
||
| 250 | _a2nd ed. | ||
| 260 |
_aNew Delhi : _bTata McGraw Hill Publishing Company Ltd , _c2000 . |
||
| 300 |
_axxvi, 1059p. ; _bPB _c24 cm. |
||
| 650 |
_aFile management operations _948410 |
||
| 650 |
_aFilters and regular expressions _948411 |
||
| 942 |
_2ddc _cBK _e2nd _k005.44 PETR |
||
| 999 |
_c184363 _d184363 |
||